| 000 | 00514nam a2200181Ia 4500 | ||
|---|---|---|---|
| 008 | 131103s9999 xx 000 0 und d | ||
| 040 | _aLoreto College | ||
| 041 | _aEnglish | ||
| 082 |
_a336/ALL _bLCLIB |
||
| 100 | _aAllen,Edward D. | ||
| 245 |
_aEconomics of public finance _cEdward D.Allen and O.H.Brownlee |
||
| 260 |
_aCalcutta _bThe World Press _c1952 |
||
| 300 |
_axvi,534 p. _b ill.,tables _c 23 cm. |
||
| 650 | _aEconomics - Public Finance | ||
| 700 | _aBrownlee,O.H. | ||
| 850 | _aLCLIB | ||
| 942 | _cBK | ||
| 999 |
_c7652 _d58131 |
||